Statistics for Click the Correct Continent by City

Click here to take the quiz!

General Stats

  • This quiz has been taken 95 times
  • The average score is 16 of 20

Answer Stats

HintAnswer% Correct
TorontoNorth America
100%
MoscowEurope
96%
AmsterdamEurope
96%
LondonEurope
96%
BrasiliaSouth America
96%
Kuala LumpurAsia
95%
AthensEurope
95%
YokohamaAsia
93%
DallasNorth America
93%
AhmedabadAsia
89%
ChristchurchOceania
82%
AdelaideOceania
82%
GaboroneAfrica
80%
Addis AbabaAfrica
80%
MonterreyNorth America
77%
GuayaquilSouth America
77%
FreetownAfrica
75%
MedellinSouth America
64%
Quezon CityAsia
43%
HonoluluOceania
34%

Score Distribution

Percentile by Number Answered

Percent of People with Each Score

Your Score History

You have not taken this quiz